[Event "A test for fast phill"]
[Site "SchemingMind.com"]
[Date "2012.06.08"]
[Round "-"]
[White "kibic"]
[Black "Phillip Beckett"]
[Result "1-0"]
[WhiteCountry "INT"]
[BlackCountry "ENG"]
[WhiteElo "2069"]
[WhiteRD "88"]
[BlackElo "1548"]
[BlackRD "54"]
[GameID "311942"]

1. d4 d5 2. Nf3 Nf6 3. Bf4 e6 4. e3 Bd6 5. Nc3 c6 6. Bd3 O-O 7. O-O Qc7 8. Bxd6 Qxd6 9. Re1 Nbd7 10. e4 dxe4
11. Nxe4 Nxe4 12. Bxe4 Nf6 13. Qd3 Nxe4 14. Rxe4 c5 15. dxc5 Qxc5 16. Rc4 Qe7 17. Rd1 b6 18. Rd4 Bb7 19. Rd7 Rfd8 20. Rxd8+
1-0

[Event "A test for fast phill"]
[Site "SchemingMind.com"]
[Date "2012.06.08"]
[Round "-"]
[White "Phillip Beckett"]
[Black "kibic"]
[Result "0-1"]
[WhiteCountry "ENG"]
[BlackCountry "INT"]
[WhiteElo "1548"]
[WhiteRD "54"]
[BlackElo "2069"]
[BlackRD "88"]
[GameID "311943"]

1. e4 e5 2. Nf3 Nc6 3. Bb5 Nf6 4. Bxc6 dxc6 5. d3 Bd6 6. h3 Be6 7. O-O O-O 8. Bg5 h6 9. Be3 a5 10. Nbd2 a4
11. Re1 Qe7 12. c3 c5 13. Qc2 Rfd8 14. Nf1 b5 15. Ng3 c6 16. d4 exd4 17. cxd4 Bxg3 18. fxg3 a3 19. dxc5 axb2 20. Qxb2 Nxe4
21. Rad1 Rxd1 22. Rxd1 Bd5 23. Nd4 Nxg3 24. Bf2 Rxa2 25. Qb4 Qe4 26. Bxg3 Qxg2#
0-1

[Event "A test for fast phill"]
[Site "SchemingMind.com"]
[Date "2012.06.09"]
[Round "-"]
[White "Ripley"]
[Black "Phillip Beckett"]
[Result "1-0"]
[WhiteCountry "CRO"]
[BlackCountry "ENG"]
[WhiteElo "1660"]
[WhiteRD "100"]
[BlackElo "1548"]
[BlackRD "54"]
[GameID "312001"]

1. d4 d5 2. c4 e6 3. Nf3 Nf6 4. g3 Be7 5. Bg2 c6 6. O-O Nbd7 7. Qc2 O-O 8. b3 dxc4 9. bxc4 Qc7 10. Bf4 Bd6
11. Bxd6 Qxd6 12. Nbd2 e5 13. e3 exd4 14. exd4 Nb6 15. c5 Qc7 16. cxb6 axb6 17. Ne4 Nd5 18. Nc3 Be6 19. Nxd5 Bxd5 20. Ng5 g6
21. Bxd5
1-0

[Event "A test for fast phill"]
[Site "SchemingMind.com"]
[Date "2012.06.10"]
[Round "-"]
[White "Ripley"]
[Black "kibic"]
[Result "0-1"]
[WhiteCountry "CRO"]
[BlackCountry "INT"]
[WhiteElo "1556"]
[WhiteRD "98"]
[BlackElo "2194"]
[BlackRD "72"]
[GameID "312002"]

1. d4 d5 2. c4 dxc4 3. e4 e5 4. Nf3 exd4 5. Bxc4 Nc6 6. O-O Nf6 7. e5 Ne4 8. Re1 Be6 9. Bxe6 fxe6 10. Rxe4 Qd5
11. Re1 Be7 12. Qb3 Qxb3 13. axb3 h6 14. Rd1 O-O-O 15. Nbd2 Rd5 16. Nc4 g5 17. Bd2 b6 18. Be1 Kb7 19. Rd3 g4 20. Nfd2 Rhd8
21. Rd1 b5 22. Na3 Nxe5 23. Rg3 Bh4 24. Ne4 Bxg3 25. Nxg3 Nf7 26. Ne2 d3 27. Nf4 d2 28. Nxd5 dxe1=Q+
0-1

[Event "A test for fast phill"]
[Site "SchemingMind.com"]
[Date "2012.06.09"]
[Round "-"]
[White "Phillip Beckett"]
[Black "Ripley"]
[Result "1/2-1/2"]
[WhiteCountry "ENG"]
[BlackCountry "CRO"]
[WhiteElo "1548"]
[WhiteRD "54"]
[BlackElo "1660"]
[BlackRD "100"]
[GameID "312003"]

1. e4 e6 2. d4 d5 3. Nd2 c5 4. exd5 Qxd5 5. Ngf3 cxd4 6. Bc4 Qd6 7. O-O Nf6 8. Nb3 Nc6 9. Nbxd4 Nxd4 10. Qxd4 Qxd4
11. Nxd4 Bd7 12. c3 Rc8 13. Bb5 Bxb5 14. Nxb5 a6 15. Nd4 Bd6 16. Bg5 Ne4 17. Be3 h6 18. Rad1 Bc5 19. Nc2 Bxe3 20. Nxe3 Ke7
21. Rfe1 Nf6 22. Nd5+ Nxd5 23. Rxd5 Rhd8 24. Rxd8 Rxd8 25. Kf1 Rd2 26. Re2 Rd1+=
1/2-1/2

[Event "A test for fast phill"]
[Site "SchemingMind.com"]
[Date "2012.06.10"]
[Round "-"]
[White "kibic"]
[Black "Ripley"]
[Result "1-0"]
[WhiteCountry "INT"]
[BlackCountry "CRO"]
[WhiteElo "2069"]
[WhiteRD "88"]
[BlackElo "1660"]
[BlackRD "100"]
[GameID "312004"]

1. g4 e5 2. c4 h5 3. g5 Qxg5 4. Nf3 Qd8 5. Nxe5 d6 6. Nf3 Nf6 7. d4 Bf5 8. Qb3 Qc8 9. Bf4 Nc6 10. Nc3 Rb8
11. d5 Ne7 12. Nd4 Bh3 13. Bxh3 Qxh3 14. Qa4+ Nd7 15. Ncb5 Kd8 16. Qa5 Nb6 17. c5 dxc5 18. Bxc7+ Kc8 19. Qxa7 Nbxd5 20. Qxb8+ Kd7
21. Qd8#
1-0

[Event "A test for fast phill"]
[Site "SchemingMind.com"]
[Date "2012.06.11"]
[Round "-"]
[White "Marc Wakeham"]
[Black "Phillip Beckett"]
[Result "0-1"]
[WhiteCountry "WLS"]
[BlackCountry "ENG"]
[WhiteElo "1574"]
[WhiteRD "71"]
[BlackElo "1548"]
[BlackRD "54"]
[GameID "312032"]

1. e4 e5 2. Nf3 Nc6 3. d4 exd4 4. c3 dxc3 5. Nxc3 d6 6. Bb5 Bd7 7. O-O a6 8. Ba4 Nf6 9. Re1 Be7 10. Bg5 O-O
11. Bxc6 Bxc6 12. Nd4 Bd7 13. e5 dxe5 14. Rxe5 h6 15. Bh4 Bd6 16. Re1 g5 17. Bg3 Bg4 18. Qd3 Bc5 19. Nce2 Bxe2 20. Rxe2 Qxd4
21. Qxd4 Bxd4 22. Bxc7 Rac8 23. Bg3 Nh5 24. Rd1 Nxg3 25. hxg3 Bg7 26. Rd7 b5 27. Ra7 Ra8 28. Ree7 Bxb2 29. Kf1 Bd4 30. Rad7 Bf6
31. Re1 Rfd8 32. Red1 Rxd7 33. Rxd7 Rd8
0-1

[Event "A test for fast phill"]
[Site "SchemingMind.com"]
[Date "2012.06.11"]
[Round "-"]
[White "Marc Wakeham"]
[Black "kibic"]
[Result "0-1"]
[WhiteCountry "WLS"]
[BlackCountry "INT"]
[WhiteElo "1574"]
[WhiteRD "71"]
[BlackElo "2069"]
[BlackRD "88"]
[GameID "312033"]

1. e4 e5 2. Nf3 Nc6 3. d4 exd4 4. c3 Qe7 5. Bd3 d5 6. O-O Nf6 7. exd5 Nxd5 8. Re1 Be6 9. Bc4 O-O-O 10. Na3 dxc3
11. Bxd5 Rxd5 12. Qc2 cxb2 13. Bxb2 Nb4 14. Qe4 Nd3 15. Re2 Nxb2 16. Rxb2 Qxa3 17. Rab1 Bc5 18. Rxb7 Bb6
0-1

[Event "A test for fast phill"]
[Site "SchemingMind.com"]
[Date "2012.06.11"]
[Round "-"]
[White "Marc Wakeham"]
[Black "Ripley"]
[Result "1-0"]
[WhiteCountry "WLS"]
[BlackCountry "CRO"]
[WhiteElo "1605"]
[WhiteRD "68"]
[BlackElo "1558"]
[BlackRD "93"]
[GameID "312034"]

1. e4 e6 2. d4 d5 3. exd5 exd5 4. Nf3 Nf6 5. Be2 Bd6 6. O-O O-O 7. Bg5 h6 8. Be3 Re8 9. Nc3 Bf5 10. Bd3 Bxd3
11. Qxd3 c6 12. Rfe1
1-0

[Event "A test for fast phill"]
[Site "SchemingMind.com"]
[Date "2012.06.11"]
[Round "-"]
[White "Phillip Beckett"]
[Black "Marc Wakeham"]
[Result "1-0"]
[WhiteCountry "ENG"]
[BlackCountry "WLS"]
[WhiteElo "1548"]
[WhiteRD "54"]
[BlackElo "1574"]
[BlackRD "71"]
[GameID "312035"]

1. e4 d6 2. d4 Nf6 3. Nc3 g6 4. Nf3 Bg7 5. Be2 O-O 6. h3 c5 7. dxc5 Qa5 8. O-O Qxc5 9. Be3 Qa5 10. Nd4 a6
11. Nb3 Qc7 12. f4 b5 13. a3 Bb7 14. e5 dxe5 15. fxe5 Ne8 16. Nd5 Bxd5 17. Qxd5 Qc6 18. Bf3 Qxd5 19. Bxd5 Nc6 20. Bxc6 Rc8
21. Bxe8 Rfxe8 22. c3 Bxe5 23. Bd4 Bxd4+ 24. Nxd4 e5 25. Nf3 e4 26. Ng5 f5 27. h4 h5 28. Rad1 e3 29. Rfe1 Rc7 30. Rd3 Rce7
31. Rd6 Kg7 32. Re2 f4 33. Nh3 Re4 34. Rxa6 R8e7 35. Rb6 R7e5 36. Rd6 f3 37. gxf3 Rxh4 38. Kg2 g5 39. Rd3 g4 40. fxg4 hxg4
41. Ng1 Kf6 42. Rdxe3 Rxe3 43. Rxe3 Kf5 44. Rg3
1-0

[Event "A test for fast phill"]
[Site "SchemingMind.com"]
[Date "2012.06.11"]
[Round "-"]
[White "kibic"]
[Black "Marc Wakeham"]
[Result "1-0"]
[WhiteCountry "INT"]
[BlackCountry "WLS"]
[WhiteElo "2111"]
[WhiteRD "76"]
[BlackElo "1605"]
[BlackRD "68"]
[GameID "312036"]

1. d4 Nf6 2. c4 g6 3. Bf4 Bg7 4. Nf3 O-O 5. Nc3 d6 6. e4 Bg4 7. Be2 c5 8. d5 Na6 9. O-O Nc7 10. h3 Bd7
11. Qd2 Re8 12. Bd3 a6 13. e5 dxe5 14. Nxe5 Qc8 15. Qe3 Nh5 16. Bh2 b5 17. b3 b4 18. Ne4 a5 19. g4 Nf6 20. Ng5 Rf8
21. Qxc5 Qd8 22. Nxd7 Qxd7 23. Qxc7 Qxc7 24. Bxc7 Rfc8 25. Bf4 Nd7 26. Rae1 Re8 27. Bc2 Nc5 28. Ne4 Nd7 29. c5 Rac8 30. Be3 Ne5
31. f4 Nd7 32. c6 Nf6 33. Nxf6+ Bxf6 34. Be4 Bc3 35. Re2 Ra8 36. c7 Rec8 37. d6
1-0

[Event "A test for fast phill"]
[Site "SchemingMind.com"]
[Date "2012.06.11"]
[Round "-"]
[White "Ripley"]
[Black "Marc Wakeham"]
[Result "0-1"]
[WhiteCountry "CRO"]
[BlackCountry "WLS"]
[WhiteElo "1558"]
[WhiteRD "93"]
[BlackElo "1605"]
[BlackRD "68"]
[GameID "312037"]

1. d4 Nf6 2. c4 g6 3. Nc3 d5 4. cxd5 Nxd5 5. e4 Nxc3 6. bxc3 c5 7. Bc4 Bg7 8. Ne2 O-O 9. O-O cxd4 10. cxd4 Nc6
11. Be3 Bd7
0-1

[Event "A test for fast phill"]
[Site "SchemingMind.com"]
[Date "2012.06.14"]
[Round "-"]
[White "kubinet"]
[Black "Marc Wakeham"]
[Result "1-0"]
[WhiteCountry "GER"]
[BlackCountry "WLS"]
[WhiteElo "1679"]
[WhiteRD "61"]
[BlackElo "1641"]
[BlackRD "71"]
[GameID "312167"]

1. e4 d6 2. d4 Nf6 3. Nc3 g6 4. f4 Bg7 5. Nf3 Bg4 6. h3 Bxf3 7. Qxf3 c6 8. Bc4 O-O 9. O-O Nbd7 10. Be3 b5
11. Bd3 a5 12. e5 dxe5 13. fxe5 Ne8 14. Ne4 Nb6 15. c3 Nd5 16. Bd2 Nec7 17. Ng5 h6 18. Ne4 Ne6 19. Rae1 Kh7 20. Qg3 Rb8
21. Rf3 f5 22. Nf2 Qc7 23. Nd1 Rf7 24. Ref1 Rbf8 25. a3 Qb7 26. b4 axb4 27. axb4 Qb8 28. Ne3 Kh8 29. Qxg6 Qc8 30. Bxf5 Ndc7
31. Qh7#
1-0

[Event "A test for fast phill"]
[Site "SchemingMind.com"]
[Date "2012.06.14"]
[Round "-"]
[White "kubinet"]
[Black "Phillip Beckett"]
[Result "1-0"]
[WhiteCountry "GER"]
[BlackCountry "ENG"]
[WhiteElo "1682"]
[WhiteRD "59"]
[BlackElo "1600"]
[BlackRD "47"]
[GameID "312168"]

1. e4 e5 2. Nf3 Nc6 3. Bb5 a6 4. Ba4 Nf6 5. O-O Be7 6. Re1 b5 7. Bb3 O-O 8. c3 d5 9. exd5 Nxd5 10. d4 exd4
11. Nxd4 Nxd4 12. Qxd4 Nf6 13. Be3 Bd6 14. Nd2 Bb7 15. h3 c5 16. Qh4 c4 17. Bc2 Qc7 18. Bg5 Bh2+ 19. Kh1 h6 20. Bxf6 gxf6
21. Qxh6 Rfe8 22. Qh7+ Kf8 23. Qh8#
1-0

[Event "A test for fast phill"]
[Site "SchemingMind.com"]
[Date "2012.06.15"]
[Round "-"]
[White "kubinet"]
[Black "kibic"]
[Result "0-1"]
[WhiteCountry "GER"]
[BlackCountry "INT"]
[WhiteElo "1682"]
[WhiteRD "59"]
[BlackElo "2194"]
[BlackRD "72"]
[GameID "312169"]

1. e4 e5 2. Nf3 Nc6 3. Bb5 Nd4 4. Nxd4 exd4 5. O-O c6 6. Bc4 Nf6 7. Re1 d6 8. d3 Be7 9. Nd2 O-O 10. h3 d5
11. Bb3 a5 12. a4 Bb4 13. Re2 Be6 14. f3 Qc7 15. Nf1 Rae8 16. Bg5 Nh5 17. Bd2 Nf4 18. Re1 Bd6 19. exd5 Bxd5 20. Bxf4 Bxf4
21. Bxd5 cxd5 22. Rxe8 Rxe8 23. Ra3 Bd6 24. Rb3 Bb4 25. Qc1 Re1 26. Qg5 h6 27. Qh4 Bd2 28. g4 Be3+ 29. Kg2 Qxc2+
0-1

[Event "A test for fast phill"]
[Site "SchemingMind.com"]
[Date "2012.06.14"]
[Round "-"]
[White "Marc Wakeham"]
[Black "kubinet"]
[Result "0-1"]
[WhiteCountry "WLS"]
[BlackCountry "GER"]
[WhiteElo "1618"]
[WhiteRD "70"]
[BlackElo "1690"]
[BlackRD "58"]
[GameID "312171"]

1. e4 c5 2. c3 d5 3. exd5 Qxd5 4. Nf3 Nf6 5. Be2 Nc6 6. O-O e5 7. d3 Be7 8. Nbd2 O-O 9. Nb3 b6 10. Bg5 h6
11. Bh4 Bb7 12. Nfd2 Rfe8 13. Bf3 Qxd3 14. Bxf6 Bxf6 15. Ne4 Qxd1 16. Nxf6+ gxf6 17. Raxd1 Rad8 18. Rxd8 Nxd8 19. Bxb7 Nxb7 20. Rd1 Rd8
21. Rxd8+ Nxd8 22. Kf1 Ne6 23. g3 f5 24. Nd2 f4 25. Ne4 fxg3 26. hxg3 Kg7 27. Nd6 Nd8 28. Nc8 Nc6 29. Ke2 f5 30. f3 Kf6
31. Nd6 h5 32. Nc4 Kg5 33. Nd2 Ne7 34. Kf2 f4 35. gxf4+ Kxf4 36. Nf1 Nf5 37. Nh2 Ne3
0-1

[Event "A test for fast phill"]
[Site "SchemingMind.com"]
[Date "2012.06.14"]
[Round "-"]
[White "Phillip Beckett"]
[Black "kubinet"]
[Result "0-1"]
[WhiteCountry "ENG"]
[BlackCountry "GER"]
[WhiteElo "1600"]
[WhiteRD "47"]
[BlackElo "1682"]
[BlackRD "59"]
[GameID "312172"]

1. e4 c5 2. Nf3 e6 3. d4 cxd4 4. Nxd4 Nf6 5. Nd2 Nc6 6. c3 Be7 7. Bd3 O-O 8. O-O a6 9. Nxc6 dxc6 10. Bc2 b5
11. Nb3 c5 12. Kh1 Qc7 13. Qe2 Bb7 14. f4 Rad8 15. e5 Nd5 16. Be4 Rd7 17. Bxd5 Bxd5 18. Be3 Bc4 19. Qf2 Bxf1 20. Rxf1 Rc8
21. f5 Qxe5 22. fxe6 Qxe6 23. Bxc5 f6 24. Bxe7 Rxe7 25. Nd4 Qxa2 26. Qf5 Rce8 27. Nc6 Re2 28. Qd7 Qxb2 29. Qd5+ Kh8 30. Nd4 Rxg2
0-1

[Event "A test for fast phill"]
[Site "SchemingMind.com"]
[Date "2012.06.14"]
[Round "-"]
[White "kibic"]
[Black "kubinet"]
[Result "1-0"]
[WhiteCountry "INT"]
[BlackCountry "GER"]
[WhiteElo "2194"]
[WhiteRD "72"]
[BlackElo "1682"]
[BlackRD "59"]
[GameID "312173"]

1. e4 c5 2. Nf3 a6 3. Nc3 Nc6 4. d4 cxd4 5. Nxd4 Nf6 6. Nxc6 bxc6 7. e5 Ng8 8. Bc4 e6 9. O-O d5 10. exd6 Bxd6
11. Ne4 Be7 12. Qxd8+ Kxd8 13. Rd1+ Ke8 14. Nd6+ Bxd6 15. Rxd6 Ne7 16. b3 Bb7 17. Bb2 Rg8 18. Bd3 g6 19. Rd1 Rd8 20. Rxd8+ Kxd8
21. Bxa6+ Kc7 22. Bxb7
1-0

[Event "A test for fast phill"]
[Site "SchemingMind.com"]
[Date "2012.06.17"]
[Round "-"]
[White "emvarela"]
[Black "Marc Wakeham"]
[Result "1-0"]
[WhiteCountry "ARG"]
[BlackCountry "WLS"]
[WhiteElo "1746"]
[WhiteRD "46"]
[BlackElo "1641"]
[BlackRD "71"]
[GameID "312277"]

1. e4 d6 2. d4 Nf6 3. Nc3 g6 4. f4 Bg7 5. Nf3 Bg4 6. Be2 O-O 7. h3 Bxf3 8. Bxf3 Nc6 9. Be3 e5 10. fxe5 dxe5
11. d5 Nb4 12. a3 Na6 13. Qd2 Nd7 14. d6 cxd6 15. Qxd6 Re8 16. O-O-O Nf8 17. Qxd8 Rexd8 18. Rxd8 Rxd8 19. Rd1 Rxd1+ 20. Kxd1 b6
21. Nb5 Nd7 22. b4 f6 23. Nd6 Nab8 24. Nc8
1-0

[Event "A test for fast phill"]
[Site "SchemingMind.com"]
[Date "2012.06.17"]
[Round "-"]
[White "emvarela"]
[Black "Phillip Beckett"]
[Result "1-0"]
[WhiteCountry "ARG"]
[BlackCountry "ENG"]
[WhiteElo "1746"]
[WhiteRD "46"]
[BlackElo "1561"]
[BlackRD "46"]
[GameID "312278"]

1. e4 e5 2. Nf3 Nc6 3. Bb5 a6 4. Bxc6 dxc6 5. O-O f6 6. d4 exd4 7. Nxd4 c5 8. Nb3 Qxd1 9. Rxd1 Bd7 10. Bf4 O-O-O
11. Nc3 Ne7 12. Nxc5 Ng6 13. Nxd7 Rxd7 14. Rxd7 Kxd7 15. Rd1+ Kc8 16. Bg3 Bb4 17. Nd5 Bc5 18. b4 Bb6 19. Nxb6+ cxb6 20. Rd6 Rd8
21. Rxd8+ Kxd8 22. f4 Ne7 23. a4 Nc6 24. c3 Kd7 25. Kf2 Ke6 26. f5+ Kd7 27. Ke3 Ne5 28. Bxe5 fxe5 29. g4 Kd6 30. h4 b5
31. axb5 axb5 32. g5 Ke7 33. Kd3 Kd6 34. c4 bxc4+ 35. Kxc4 Kc6 36. g6 hxg6 37. fxg6 b5+ 38. Kd3 Kd6 39. Ke3 Ke6 40. Kf3 Kf6
41. Kg4 Kxg6 42. h5+ Kh6 43. Kh4 g5+ 44. hxg6 Kxg6 45. Kg4 Kf6 46. Kh5 Kf7 47. Kg5 Ke6 48. Kg6 Ke7 49. Kf5
1-0

[Event "A test for fast phill"]
[Site "SchemingMind.com"]
[Date "2012.06.17"]
[Round "-"]
[White "emvarela"]
[Black "kibic"]
[Result "0-1"]
[WhiteCountry "ARG"]
[BlackCountry "INT"]
[WhiteElo "1743"]
[WhiteRD "46"]
[BlackElo "2194"]
[BlackRD "72"]
[GameID "312279"]

1. e4 e5 2. Nf3 Nc6 3. Bb5 Bc5 4. O-O Qf6 5. c3 Nge7 6. b4 Bb6 7. d3 d6 8. Bg5 Qg6 9. Bxe7 Kxe7 10. Bxc6 bxc6
11. Nbd2 a5 12. Qc2 Re8 13. bxa5 Bxa5 14. Rfe1 Bh3 15. g3 Qf6 16. Re3 Bb6 17. d4 Kf8 18. dxe5 dxe5 19. Rd3 Kg8 20. Nc4 Bg4
21. Nxb6 cxb6 22. Kg2 Qg6 23. Re1 c5 24. c4 h5 25. h3 Bxf3+ 26. Rxf3 Rad8 27. Rd3 Rd4 28. Rxd4 exd4 29. f4 h4 30. g4 Qf6
31. Qf2 Ra8 32. e5 Qe6 33. Rc1 b5 34. Qxh4 bxc4
0-1

[Event "A test for fast phill"]
[Site "SchemingMind.com"]
[Date "2012.06.17"]
[Round "-"]
[White "emvarela"]
[Black "kubinet"]
[Result "1-0"]
[WhiteCountry "ARG"]
[BlackCountry "GER"]
[WhiteElo "1717"]
[WhiteRD "50"]
[BlackElo "1690"]
[BlackRD "58"]
[GameID "312281"]

1. e4 e5 2. Nf3 Nc6 3. Bb5 Nf6 4. O-O Nxe4 5. Re1 Nd6 6. Bxc6 dxc6 7. Nxe5 Be7 8. d4 O-O 9. Nc3 Be6 10. d5 cxd5
11. Nxd5 Re8 12. Nxe7+ Rxe7 13. b3 f6 14. Nf3 Bg4 15. Ba3 Rxe1+ 16. Qxe1 Bxf3 17. gxf3 Nb5 18. Bc5 b6 19. Be3 Qd5 20. c4 Qxf3
21. cxb5 Re8 22. Rc1 f5 23. Qf1 Re6 24. Qc4
1-0

[Event "A test for fast phill"]
[Site "SchemingMind.com"]
[Date "2012.06.17"]
[Round "-"]
[White "Marc Wakeham"]
[Black "emvarela"]
[Result "1-0"]
[WhiteCountry "WLS"]
[BlackCountry "ARG"]
[WhiteElo "1641"]
[WhiteRD "71"]
[BlackElo "1746"]
[BlackRD "46"]
[GameID "312282"]

1. e4 e5 2. Nf3 Nc6 3. d4 exd4 4. c3 dxc3 5. Nxc3 Bb4 6. Qb3 Qf6 7. Bd2 Nge7 8. Bc4 Bxc3 9. Bxc3 Qg6 10. O-O O-O
11. Bd3 b6 12. Rad1 d6 13. e5 dxe5 14. Bxg6 hxg6 15. Nxe5 Nxe5 16. Bxe5 c5 17. Bd6 Re8 18. Bg3 Nf5 19. Rfe1 Be6 20. Qa3 Nd4
21. Be5 Nc2 22. Qc3 Nxe1 23. Rxe1 Rad8 24. Bxg7 f6 25. Bxf6 Rd5 26. Bh8
1-0

[Event "A test for fast phill"]
[Site "SchemingMind.com"]
[Date "2012.06.17"]
[Round "-"]
[White "Phillip Beckett"]
[Black "emvarela"]
[Result "0-1"]
[WhiteCountry "ENG"]
[BlackCountry "ARG"]
[WhiteElo "1600"]
[WhiteRD "47"]
[BlackElo "1743"]
[BlackRD "46"]
[GameID "312283"]

1. e4 e5 2. Nf3 Nc6 3. Bb5 f5 4. Bxc6 dxc6 5. exf5 e4 6. Ne5 Bxf5 7. d4 exd3 8. Nxd3 Qh4 9. Qe2+ Be7 10. O-O O-O-O
11. Nc3 Bd6 12. g3 Bxd3 13. cxd3 Qh3 14. Ne4 Nh6 15. Qf3 Rhf8 16. Qg2 Qxg2+ 17. Kxg2 Nf7 18. Nxd6+ Rxd6 19. Bf4 Rxd3 20. Rfd1 Rfd8
21. Rxd3 Rxd3 22. Re1 Nd8 23. Re2 Kd7 24. Rd2 Rxd2 25. Bxd2 Ne6 26. Be3 c5 27. h4 Nd4 28. f4 b6 29. Bxd4 cxd4 30. Kf3 c5
31. g4 Ke6 32. Ke4 g6 33. Kd3 b5 34. b3 h6 35. a3 Kd5
0-1

[Event "A test for fast phill"]
[Site "SchemingMind.com"]
[Date "2012.06.17"]
[Round "-"]
[White "kibic"]
[Black "emvarela"]
[Result "1-0"]
[WhiteCountry "INT"]
[BlackCountry "ARG"]
[WhiteElo "2194"]
[WhiteRD "72"]
[BlackElo "1743"]
[BlackRD "46"]
[GameID "312284"]

1. d4 Nf6 2. c4 e6 3. Nf3 d5 4. e3 c5 5. Nc3 Nc6 6. h3 cxd4 7. exd4 Bb4 8. Bd3 dxc4 9. Bxc4 O-O 10. O-O h6
11. Be3 Bxc3 12. bxc3 Nd5 13. Qd3 Nxe3 14. Qxe3 a6 15. Bd3 Bd7 16. c4 Qc7 17. Rab1 Rab8 18. d5 exd5 19. cxd5 Rfe8 20. Qc1 Qd6
21. dxc6 Bxc6 22. Rd1 Qf6 23. Qb2 Qxb2 24. Rxb2 Bxf3 25. gxf3 b5 26. Be4 Rb6 27. Rc2 g6 28. Rc7 Kg7 29. Rdd7 Rf6 30. Bd5
1-0

[Event "A test for fast phill"]
[Site "SchemingMind.com"]
[Date "2012.06.17"]
[Round "-"]
[White "kubinet"]
[Black "emvarela"]
[Result "1/2-1/2"]
[WhiteCountry "GER"]
[BlackCountry "ARG"]
[WhiteElo "1454"]
[WhiteRD "44"]
[BlackElo "1757"]
[BlackRD "48"]
[GameID "312286"]

1. e4 e5 2. Nf3 Nc6 3. Bb5 f5 4. Nc3 Nf6 5. exf5 Nd4 6. O-O Nxb5 7. Nxb5 c6 8. Nc3 Be7 9. d3 d6 10. Re1 Bxf5
11. Bg5 h6 12. Be3 O-O 13. Qd2 Qc7 14. Nh4 Bh7 15. f4 Ng4 16. Nf3 Nxe3 17. Qxe3 Bf6 18. fxe5 dxe5 19. Re2 b5 20. a3 e4
21. dxe4 Bxc3 22. Qxc3 Rae8 23. Rae1 c5 24. e5 Re6 25. Qb3 Qb6 26. Kh1 c4 27. Qc3 Bg6 28. h3 Rfe8 29. Nd4 R6e7 30. Nf3 Bf7
31. Nh4 Bd5 32. Qg3 Re6 33. Nf5 Rg6 34. Qh4 Qc6 35. Rg1 Qe6 36. Nd4 Bxg2+ 37. Rgxg2 Qd5 38. Kh2 Rxg2+ 39. Rxg2 Rxe5 40. Qxh6 Re7
41. c3 Qe5+ 42. Kh1 Qe1+ 43. Kh2 Qe5+ 44. Kh1 Qe1+ 45. Kh2 Qe5+ 46. Kh1 Qe1+ 47. Kh2 Qe5+ 48. Kh1 Qe1+
1/2-1/2

[Event "A test for fast phill"]
[Site "SchemingMind.com"]
[Date "2012.06.19"]
[Round "-"]
[White "Apatchenlama"]
[Black "Marc Wakeham"]
[Result "1-0"]
[WhiteCountry "GER"]
[BlackCountry "WLS"]
[WhiteElo "1940"]
[WhiteRD "92"]
[BlackElo "1641"]
[BlackRD "71"]
[GameID "312422"]

1. d4 Nf6 2. c4 g6 3. Nc3 d5 4. g3 dxc4 5. Bg2 c6 6. a4 Bg7 7. Nf3 O-O 8. Ne5 Be6 9. O-O Nd5 10. e4 Nxc3
11. bxc3 Nd7 12. f4 Nxe5 13. fxe5 Qa5 14. Bd2 Rab8 15. Qf3 Qc7 16. Bf4 a6 17. a5 Qd8 18. Rfb1 f5 19. Rb6 fxe4 20. Qe3 Bd5
21. Bxe4 e6 22. Bxd5 cxd5 23. Rxe6 Re8 24. Rd6
1-0

[Event "A test for fast phill"]
[Site "SchemingMind.com"]
[Date "2012.06.20"]
[Round "-"]
[White "Apatchenlama"]
[Black "emvarela"]
[Result "0-1"]
[WhiteCountry "GER"]
[BlackCountry "ARG"]
[WhiteElo "1872"]
[WhiteRD "77"]
[BlackElo "1717"]
[BlackRD "50"]
[GameID "312423"]

1. d4 Nf6 2. c4 e6 3. g3 c5 4. Nf3 cxd4 5. Nxd4 d5 6. Bg2 e5 7. Nf3 d4 8. O-O Nc6 9. Qc2 Be7 10. Rd1 Be6
11. e3 Qb6 12. exd4 exd4 13. b3 Rd8 14. Bb2 Nb4 15. Qd2 d3 16. Nc3 O-O 17. Na4 Qc7 18. Bxf6 gxf6 19. Nb2 Nc2 20. Rab1 Bf5
21. Nh4 Bb4 22. Qh6 Qe5 23. Nxf5 Qxf5 24. Bd5 d2 25. f3 Rxd5 26. cxd5 Qxf3 27. Nd3 Qxd3 28. Qf4 Bc5+
0-1

[Event "A test for fast phill"]
[Site "SchemingMind.com"]
[Date "2012.06.18"]
[Round "-"]
[White "Apatchenlama"]
[Black "Phillip Beckett"]
[Result "1-0"]
[WhiteCountry "GER"]
[BlackCountry "ENG"]
[WhiteElo "1909"]
[WhiteRD "100"]
[BlackElo "1600"]
[BlackRD "47"]
[GameID "312424"]

1. Nf3 Nf6 2. c4 e6 3. d4 d5 4. g3 c6 5. Bg2 Be7 6. O-O O-O 7. Nc3 Nbd7 8. c5 Re8 9. b4 Bf8 10. Bf4 Nh5
11. b5 Nxf4 12. gxf4 a6 13. bxc6 bxc6 14. Rb1 Qa5 15. Qc2 Nf6 16. Ne5 Qc7 17. Rb6 Rb8 18. Rxc6 Qa7 19. Rb1 Rxb1+ 20. Qxb1 Bd7
21. Rb6 Bb5 22. Nxb5 axb5 23. Rxb5 Ra8 24. Rb2 Nd7 25. Rb7 Qxa2 26. Qxa2 Rxa2 27. Rxd7 Ra1+ 28. Bf1 f6 29. Nd3 e5 30. fxe5 fxe5
31. Nxe5
1-0

[Event "A test for fast phill"]
[Site "SchemingMind.com"]
[Date "2012.06.19"]
[Round "-"]
[White "Apatchenlama"]
[Black "kibic"]
[Result "0-1"]
[WhiteCountry "GER"]
[BlackCountry "INT"]
[WhiteElo "1909"]
[WhiteRD "100"]
[BlackElo "2194"]
[BlackRD "72"]
[GameID "312425"]

1. d4 d5 2. Nf3 Nf6 3. c4 e6 4. g3 dxc4 5. Bg2 c5 6. Qa4+ Bd7 7. Qxc4 Bc6 8. O-O Nbd7 9. Rd1 b5 10. Qc3 Rc8
11. dxc5 Bxc5 12. Be3 b4 13. Qc1 Be7 14. Qd2 Qa5 15. Rc1 O-O 16. Na3 Qh5 17. Nc2 a5 18. Ncd4 Be4 19. Rxc8 Rxc8 20. Rc1 Rxc1+
21. Qxc1 Qd5 22. Nb3 a4 23. Nbd2 Bxf3 24. Nxf3 Qxa2 25. Nd4 a3 26. bxa3 b3 27. Nxb3 Qxb3 28. Qc8+ Bf8 29. Bc6 Nb6 30. Qd8 Nbd5
31. Bc5 Qd1+ 32. Kg2 Nf4+
0-1

[Event "A test for fast phill"]
[Site "SchemingMind.com"]
[Date "2012.06.23"]
[Round "-"]
[White "Apatchenlama"]
[Black "kubinet"]
[Result "1-0"]
[WhiteCountry "GER"]
[BlackCountry "GER"]
[WhiteElo "1876"]
[WhiteRD "74"]
[BlackElo "1652"]
[BlackRD "55"]
[GameID "312427"]

1. Nf3 d5 2. c4 e6 3. g3 Nf6 4. Bg2 c6 5. O-O Be7 6. d4 dxc4 7. Ne5 O-O 8. Nc3 Nbd7 9. Nxc4 Qc7 10. Bf4 Qd8
11. Qc2 Nb6 12. Qb3 Nbd5 13. Nxd5 exd5 14. Ne5 h6 15. Qd3 Be6 16. Rfc1 Nd7 17. Nf3 Nf6 18. Ne5 Bd6 19. b4 a6 20. Qd2 Qe7
21. Nd3 Rfe8 22. Nc5 Bf5 23. Bxd6 Qxd6 24. Nxb7 Qc7 25. Nc5 Qb6 26. f3 Qb5 27. Bf1 Qb6 28. a3 a5 29. e3 axb4 30. g4 Bh7
31. axb4 Rab8 32. Bd3 Qxb4 33. Bxh7+ Kxh7 34. Qd3+ g6 35. Rcb1 Qc4 36. Rxb8 Qxd3 37. Nxd3
1-0